[Event "British Universities-ch"]
[Site "Chess.com INT"]
[Date "2022.03.05"]
[Round "2.3"]
[White "Warner, Rowan"]
[Black "Anhar, Hashir"]
[Result "1-0"]
[WhiteElo "1863"]
[BlackElo "1698"]
[PlyCount "123"]
[EventDate "2022.03.05"]
[EventType "swiss"]
[EventRounds "9"]
[EventCountry "ENG"]
[SourceTitle "EXT 2023"]
[Source "ChessBase"]
[SourceDate "2022.10.05"]
[SourceVersion "1"]
[SourceVersionDate "2022.10.05"]
[SourceQuality "1"]
[WhiteTeam "Warwick (Rooks) IV"]
[BlackTeam "Brunel"]
[WhiteTeamCountry "ENG"]
[BlackTeamCountry "ENG"]

1. d4 Nf6 2. c4 g6 3. Nc3 Bg7 4. Bg5 0-0 5. Nf3 d6 6. Qd2 c5 7. d5 Nbd7 8. Bh6 Nb6 9. b3 e6 10. Bxg7 Kxg7 11. e4 e5 12. Be2 Bg4 13. h3 Bxf3 14. Bxf3 a5 15. g4 Qe7 16. g5 Nfd7 17. h4 f6 18. Be2 f5 19. h5 f4 20. hxg6 hxg6 21. Rg1 f3 22. Bf1 a4 23. 0-0-0 axb3 24. axb3 Ra1+ 25. Nb1 Nc8 26. Qb2 Ra8 27. Bh3 Ncb6 28. Be6 Rae8 29. Qd2 Qd8 30. Bg4 Qe7 31. Rh1 Qf7 32. Rdg1 Qf4 33. Qxf4 Rxf4 34. Bxd7 Nxd7 35. Nc3 Ra8 36. Kb2 Rff8 37. Nb5 Rh8 38. Nxd6 Rxh1 39. Rxh1 Rb8 40. Rh3 Kf8 41. Rxf3+ Ke7 42. Nb5 Nf8 43. d6+ Ke6 44. Rf6+ Kd7 45. f4 exf4 46. Rxf4 Ne6 47. Rf7+ Kc6 48. e5 Nxg5 49. Rc7+ Kb6 50. Rg7 Nf3 51. e6 Kc6 52. Rxg6 Ne5 53. Rf6 Nd3+ 54. Kc3 Ne5 55. e7 Nd7 56. Re6 Re8 57. Nc7 Rh8 58. e8Q Rh3+ 59. Kb2 Rh2+ 60. Ka3 b5 61. Qa8+ Kb6 62. Qa6# 1-0